Movies Quiz

Random Movies or Clickable Quiz
Score 0/15 Timer 06:00
1 Play Today
% Correct
Slumdog _______aire (2008)
85.7%
______ Shop of Horrors (1986)
80.1%
________, Inc. (2001)
73.6%
____ the Fockers (2004)
73.3%
X-Men: The Last _____ (2006)
72.5%
__ Best Friend's Wedding (1997)
72.1%
______ Mr. Banks (2013)
71.4%
_________ 4: Rise of the Silver Surfer (2007)
71.3%
% Correct
______ Monkeys (1995)
69.1%
____ Girl (2014)
67.8%
How the ____ Was Won (1962)
67.3%
Scott Pilgrim vs the _____ (2010)
66.9%
Wag the ___ (1997)
66%
The Sum of ___ Fears (2002)
63.3%
The Secret in Their ____ (2009)
63%
Remove Ads.
Support Sporcle.
Get the best of Sporcle when you Go Orange. This ad-free experience offers more features, more stats, and more fun while also helping to support Sporcle. Thank you for becoming a member.

You're not logged in!

Compare scores with friends on all Sporcle quizzes.
OR
Log In

Show Comments

Extras

Top Quizzes Today


Score Distribution

Your Account Isn't Verified!

In order to create a playlist on Sporcle, you need to verify the email address you used during registration. Go to your Sporcle Settings to finish the process.

Report this User

Report this user for behavior that violates our Community Guidelines.

Details: